00600nam a22000737a 4500008004100000010001300041245046300054260000900517110704t xxu||||| |||| 00| 0 eng d aCA F-136 aSevice Agreement : An Agreement made the day of 1972 Between Kaija Katuramu carrying on the business of Chartered Surveyors in Uganda under the style or firm of Katuram & Company , a firm duly registered under the Busin es Names Registration Act, Cap. 87, of Post Office Box 3137, Kampala (hereinafter callead "the firm" ) of theone part: and Ezania Geofrey Barugahire of Post Office Box 10, Entebbe (hereinafter called "the Employees") on the other part: c1972